00442nam a2200169Ia 4500003000400000005001700004008004100021040000700062041001200069082001500081100001700096245006400113260004300177365000800220650002200228650002200250OSt20250808171948.0210423s1990 xx 000 0 und d cAL aEnglish a320 bVALP aFrenc A Vali aPolitics of the indian ocean regionb: the balance of power aKottaymbOxford University Pressc1990 cINR aPolitical Science aPolitical Science